000 00836nam a22002417a 4500
003 OSt
005 20260423040325.0
008 260423b |||||||| |||| 00| 0 eng d
040 _aOC
_cDWC-Main Lib
082 _22nd ed.
_aFil. 301 S678 1976
100 _aEspiritu, S.
245 _aSociology in the new philippine setting
_cEspiritu, Socorro
250 _a2nd ed.
260 _aQuezon City:
_bAlemar-Phoenix Publishing House, Inc.,
_c c1976.
300 _avii, 309 pages :
_billustration ;
_c25 cm.
504 _aIncludes index.
650 _a1. Sociology.
700 _aHollnsteiner, Mary R.
_eAuthor
700 _aQuisumbing, Lourdes R.
_eAuthor
700 _aHunt, Chester L.
_eAuthor
700 _aLacar, Luis Q.
_eAuthor
942 _2ddc
_cBK-FIL
_e2nd edition
_hFil. 301 S678 1976
_kFil.
_n0
999 _c9781
_d9781